Decode the Country - Statistics

General Stats
  • This quiz has been taken 12 times
  • The average score is 8 of 16
Answer Stats
Code Hint Answer Explanation % Correct
Emoji Cipher ๐Ÿ๏ธ๐ŸŽท๐Ÿš€๐ŸŽ๐Ÿ˜๐Ÿ’ก Israel The first letter of each emoji spells the name.
82%
Numerical Cipher #1 2.18.1.26.9.12 Brazil A-1, B-2, C-3โ€ฆ
73%
Emoji Cipher ๐ŸŒ™๐Ÿง…๐Ÿš€๐Ÿง…๐ŸŒต๐ŸŒต๐Ÿง… Morocco The first letter of each emoji spells the name.
73%
Numerical Cipher #1 16.15.12.1.14.4 Poland A-1, B-2, C-3โ€ฆ
73%
Hidden Letter Cipher xxXxxx Mexico x- Hidden letter.
64%
Hidden Letter Cipher xxZxxxxQxx Mozambique x- Hidden letter
64%
Mixed Cipher #1 1.๐Ÿ‡ท๐Ÿ‡บ.64.๐Ÿ˜.8192.๐Ÿ‡น๐Ÿ‡ณ.x.x.x Argentina A mix of the second, fourth, fifth, and sixth ciphers.
55%
Flag Cipher ๐Ÿ‡ต๐Ÿ‡น๐Ÿ‡ฆ๐Ÿ‡บ๐Ÿ‡ฐ๐Ÿ‡ช๐Ÿ‡ฎ๐Ÿ‡ช๐Ÿ‡ธ๐Ÿ‡ฆ๐Ÿ‡น๐Ÿ‡ท๐Ÿ‡ฆ๐Ÿ‡บ๐Ÿ‡ณ๐Ÿ‡ฑ Pakistan The first letter of each flagโ€™s country spells the name.
55%
Flag Cipher ๐Ÿ‡ป๐Ÿ‡ฆ๐Ÿ‡ฎ๐Ÿ‡ช๐Ÿ‡ช๐Ÿ‡จ๐Ÿ‡น๐Ÿ‡ท๐Ÿ‡ณ๐Ÿ‡ฑ๐Ÿ‡ฆ๐Ÿ‡บ๐Ÿ‡ฒ๐Ÿ‡ฝ Vietnam The first letter of each flagโ€™s country spells the name.
55%
Numerical Cipher #2 32.256.512 .256 Fiji A-1, each subsequent letter doubles the previous
36%
Numerical Cipher #2 512.1.32768.1.8192 Japan A-1, each subsequent letter doubles the previous
36%
Mixed Cipher #2 x.x.x.x.11010.๐Ÿ‡ฌ๐Ÿ‡ง.101.๐Ÿ’ก.1 Venezuela A mix of the third, fourth, fifth, and sixth ciphers.
36%
Numerical Cipher #3 11.1000.1001.1110.1 China Same as Numerical #1 except in binary form
27%
Numerical Cipher #3 101.111.11001.10000.10100 Egypt Same as Numerical #1 except in binary form
27%
UM0P 3P!Sdn Cipher V!J36!U Nigeria Read it upside-down.
27%
UM0P 3P!sdn Cipher U3P3MS Sweden Read it upside down.
27%
No matching quizzes found
Score Distribution
Percent of People with Each Score
Percentile by Number Answered
Your Score History
You have not taken this quiz